000 00261nam a22001217a 4500
008 170629b xxu||||| |||| 00| 0 eng d
041 _aeng
080 _a821
100 _a22
101 _agjl
245 _aENGLISH LITERATURE
_cGREENBLATT, S
942 _2udc
_cBK
999 _c19596
_d19596